Technologija chimičeskogo i nefťanogo apparatostrojenija /
Uložené v:
| Hlavní autori: | , |
|---|---|
| Médium: | Kniha |
| Jazyk: | Russian |
| Vydané: |
Moskva :
Mašinostrojenije,
1976.
|
| Vydanie: | 1. izd. |
| ISBN: |
(viaz.) |
| Fyzický popis: |
255 s. |
| Tagy: |
Pridať tag
Žiadne tagy, Buďte prvý kto otaguje tento záznam!
|
Titul je dostupný aj v ... 

MARC
| LEADER | 00000nam a22000004a 4500 | ||
|---|---|---|---|
| 001 | 000595772 | ||
| 005 | 20180927193951.0 | ||
| 008 | 180819s1976 ru e 000 0 rus d | ||
| 020 | |a (viaz.) |c Kčs 12,50 | ||
| 040 | |a SVKKK |b slo |c SVKKK |e AACR2 | ||
| 041 | 0 | |a rus | |
| 044 | |a ru |c RU | ||
| 100 | 1 | |a Berliner, Jurij Iosifovič |4 aut | |
| 245 | 1 | 0 | |a Technologija chimičeskogo i nefťanogo apparatostrojenija / |c Jurij Iosifovič Berliner, Jurij Aleksandrovič Balašov. |
| 250 | |a 1. izd. | ||
| 260 | |a Moskva : |b Mašinostrojenije, |c 1976. | ||
| 300 | |a 255 s. | ||
| 700 | 1 | |a Balašov, Jurij Aleksandrovič |4 aut | |
| 910 | |a svkkk | ||
| 998 | |a BK | ||
| 090 | |g SCKHL |k Sklad Pribinova 2. posch. |a III.111149 |j 555908 |i 2720569373 |4 Zastaraná |s Vyradená | ||